Guess the 1970s song lyrics #122 - Statistics

General Stats
  • This quiz has been taken 23 times
  • The average score is 151 of 228
Answer Stats
Answer % Correct
a
100%
I
100%
the
95%
And
89%
and
89%
do
89%
Where
89%
where
89%
be
84%
me
84%
my
84%
On
84%
on
84%
to
84%
when
84%
been
79%
don't
79%
in
79%
I've
79%
know
79%
of
79%
so
79%
way
79%
But
74%
road
74%
With
74%
all
68%
are
68%
away
68%
even
68%
I'm
68%
like
68%
Like
68%
can
63%
every
63%
from
63%
get
63%
gonna
63%
I'll
63%
long
63%
out
63%
people
63%
really
63%
you're
63%
There's
58%
that's
53%
these
53%
walkin
53%
cowboy
47%
down
47%
dream
47%
horse
47%
inside
47%
lights
47%
mind
47%
over
47%
rhinestone
47%
Rhinestone
47%
ridin
47%
Riding
47%
rodeo
47%
shinin
47%
spangled
47%
star
47%
takin
47%
things
47%
Well
47%
Broadway
42%
cards
42%
compromisin
42%
crack
42%
Gettin
42%
horizon
42%
letters
42%
load
42%
old
42%
phone
42%
rain
42%
same
42%
shoe
42%
song
42%
streets
42%
comin
37%
dirty
37%
dollar
37%
game
37%
Getting
37%
guys
37%
hustle's
37%
name
37%
offers
37%
pain
37%
sidewalks
37%
Singin
37%
snow
37%
subway
37%
There'll
37%
token
37%
tucked
37%
washed
37%
hide
32%
nice
32%
smile
32%
train
32%
No matching quizzes found
Score Distribution
Percent of People with Each Score
Percentile by Number Answered
Your Score History
You have not taken this quiz